00434nam a2200169Ia 4500003000400000005001700004008004100021040000700062041000800069082002500077100003200102245004300134260004500177365001200222650001600234650001400250OSt20230516111505.0210423s1990 xx 000 0 und d cAL aeng a307.1772 223bVONT aFURER-HAIMENDOR (Christoph) aTribes of india: struggle for servival aNew DelhibOxford University Pressc1990 b90cINR aCommunities aSociology